01389nam a2200241Ia 4500001001100000003001000011008004100021040002500062041001300087100002100100245005100121250001100172260006400183300002800247500026000275501011400535520026000649650002000909942000700929957000600936999004300942952016200985L851-35956IT-CnALBA170116s9999||||xx |||||||||||||| ||und|| aIT-CnALBAcIT-CnALBA aITALIANO aPASCOLI GIOVANNI 0aPOESIE DI GIOVANNI PASCOLI. POEMI CONVIVIALI.  a6a ed. a BOLOGNAbZANICHELLI NICOLA, EDITORE c1924 [1° Ed.: n.d.] a222 p. (prefazione: 14) aPREFAZIONE DELL'AUTORE. CON NOTE. SOLON. IL CIECO DI CHIO. LA CETRA DI ACHILLE. LE MEMMONIDI. IL SOGNO DI ODISSEO. L'ULTIMO VIAGGIO. LA PROCELLA. L'AMORE. LA BUONA NOVELLA IN ORIENTE, IN OCCIDENTE. IL POETA DEGLI ILOTI. CALYPSO. POEMI DI ATE. SILENO. POEM aSocietà San Paolo EM - Piazza San Paolo, 14 - 12051 ALBA (CN) (non commercial uses only) ® Copyright 2017 aPREFAZIONE DELL'AUTORE. CON NOTE. SOLON. IL CIECO DI CHIO. LA CETRA DI ACHILLE. LE MEMMONIDI. IL SOGNO DI ODISSEO. L'ULTIMO VIAGGIO. LA PROCELLA. L'AMORE. LA BUONA NOVELLA IN ORIENTE, IN OCCIDENTE. IL POETA DEGLI ILOTI. CALYPSO. POEMI DI ATE. SILENO. POEM aPOESIA ITALIANA cBK 71 a40720bSI g Copie: 1 c294782d294782 0010406L_8513595671aALBAbALBAd2017-01-16l0oL851-35956r2017-01-16 00:00:00w2017-01-16yBKz(data import: 16 gennaio 2017) - By Epidotti, Vaglietti.